000 00509nam a2200181Ia 4500
008 230917s9999||||xx |||||||||||||| ||und||
020 _cGBP35.99
040 _e252255
_aMAIN
041 _aEnglish
082 _a910.0182 R631S(4)
100 _aRogerson, Peter A
245 0 _aStatistical methods for geography: A student's guide
250 _a4th ed.
260 _aLondon
_bSage Publications
_c2015
300 _axviii, 401 p.
500 _a3356 13/12/2018 PBA18/748 13/12/2018 Main Budget
942 _cBK
999 _c29338
_d29338